000 00544nam a2200181Ia 4500
003 GCL
008 140319s9999 xx 000 0 ara d
040 _aGCL /
_cGCL
082 0 4 _a810.9
_bم ا
100 1 _aمحمود الدين صبحى
245 1 0 _aد0 احسان عباس والنقد الادبى /
_cمحمود الدين صبحى
260 _a[S.N] :
_bالدار العربية للكتاب ،
_c1984
300 _a205 ص
490 _a
650 0 4 _aالادب العربى
650 0 4 _aتاريخ ونقد
942 _2ddc
_cBK
999 _c54764
_d54764